Farmland values rise slowly (Record no. 63444)

MARC details
000 -LEADER
fixed length control field 00771cam a2200193 4500
001 - CONTROL NUMBER
control field WB3619-38
008 - FIXED-LENGTH DATA ELEMENTS--GENERAL INFORMATION
fixed length control field 000000n2000 000 0 eng u
035 ## - SYSTEM CONTROL NUMBER
System control number (Sirsi) u105962
245 ## - TITLE STATEMENT
Title Farmland values rise slowly
260 ## - PUBLICATION, DISTRIBUTION, ETC.
Date of publication, distribution, etc. 2000
490 ## - SERIES STATEMENT
Series statement Yorkshire Post
Volume/sequential designation 11 May 2000, 20(1)
520 ## - SUMMARY, ETC.
Summary, etc. New analysis by the RICS shows that the average price of farmland rose in the 1Q of 2000 to £7,485 per hectare (£3,029 per acre). However prices are expected to decline later in the year, as it is expected more farmers will decide to sell up in the present situation. Farms with residential appeal command stronger prices.
590 ## - LOCAL NOTE (RLIN)
Local note WB
650 ## - SUBJECT ADDED ENTRY--TOPICAL TERM
Topical term or geographic name entry element FARMLAND PRICES
650 ## - SUBJECT ADDED ENTRY--TOPICAL TERM
Topical term or geographic name entry element RICS
650 ## - SUBJECT ADDED ENTRY--TOPICAL TERM
Topical term or geographic name entry element FARMLAND MARKET
690 ## - LOCAL SUBJECT ADDED ENTRY--TOPICAL TERM (OCLC, RLIN)
Topical term or geographic name as entry element RURAL-MARKET
942 ## - ADDED ENTRY ELEMENTS (KOHA)
Suppress in OPAC 0
Holdings
Withdrawn status Lost status Source of classification or shelving scheme Damaged status Not for loan Home library Current library Shelving location Date acquired Total Checkouts Full call number Barcode Date last seen Copy number Price effective from Koha item type
    Dewey Decimal Classification     London London News article 12/05/2000   WB3619-15 105962-1001 06/08/2019 1 06/08/2019 News article